00696cam a22002531 4500001001300000003000400013005001700017008004100034010001700075035002000092040001800112042001200130050001600142100003700158245001900195260001100214300002600225500001600251500006200267650002800329700003100357700003700388999001700425sa 68011447 DLC20260227112600.0890623s1968 ii c 000 1 kano  asa 68011447  a(OCoLC)19919228 aDLCcWaUdDLC apremarc00aPL4658b.C31 aCaḍaga, Sūryanārāyaṇa.10aKāmadhēnu. c[1968] a896 p.bport.c22 cm. aIn Kannada. aIncludes short biographical sketches of the contributors. 0aShort stories, Kannada.1 aBallal, N. Narayan,d1937-2 aSītārāma Prabhu, Kōṭa. c83899d83899